000
00293nam a22001337a 4500
008
180216b xxu||||| |||| 00| 0 eng d
020
_a
9780781776134
041
_a
eng
080
_a
616.34
100
_a
9
101
_a
GAS
245
_a
Stedman's GI&GU words
_c
Lippincott
942
_2
udc
_c
BK
999
_c
42738
_d
42738